Statistics for Countries that voted against condemning Assad's Syria at least once

Click here to take the quiz!

General Stats

  • This quiz has been taken 17 times
  • The average score is 15 of 25

Answer Stats

HintAnswer% Correct
Iraq
100%
Russia
100%
Iran
94%
North Korea
88%
China
76%
Algeria
71%
Belarus
71%
Venezuela
71%
Cuba
65%
Mali
65%
Sudan
65%
Eritrea
59%
Mauritania
59%
Myanmar
59%
SyriaSyria
59%
Bolivia
53%
Ethiopia
47%
Nicaragua
47%
South Sudan
47%
Uzbekistan
41%
Zimbabwe
41%
Now CondemnsEcuador
35%
Now NeutralPhilippines
35%
Comoros
29%
Burundi
24%

Score Distribution

Percentile by Number Answered

Percent of People with Each Score

Your Score History

You have not taken this quiz